BIOCHEMISTRY (Record no. 20991)

MARC details
000 -LEADER
fixed length control field 00336nam a22001577a 4500
003 - CONTROL NUMBER IDENTIFIER
control field SGT
020 ## - INTERNATIONAL STANDARD BOOK NUMBER
International Standard Book Number 9788131262535
082 ## - DEWEY DECIMAL CLASSIFICATION NUMBER
Classification number 612.015
Item number B20S
100 ## - MAIN ENTRY--PERSONAL NAME
Personal name SATYANARAYANA, U.
245 ## - TITLE STATEMENT
Title BIOCHEMISTRY
250 ## - EDITION STATEMENT
Edition statement 5TH
260 ## - PUBLICATION, DISTRIBUTION, ETC. (IMPRINT)
Place of publication, distribution, etc INDIA
Name of publisher, distributor, etc ELSEVIER PUB
Year of Publication 2020
300 ## - PAGE DESCRIPTION
No. of Pages 777
650 ## - SUBJECT ADDED ENTRY--TOPICAL TERM
Topical term or geographic name as entry element BIOCHEMISTRY
942 ## - ADDED ENTRY ELEMENTS (KOHA)
Source of classification or shelving scheme Dewey Decimal Classification
Koha item type Books
942 ## - ADDED ENTRY ELEMENTS (KOHA)
-- 193
Holdings
Withdrawn status Lost status Source of classification or shelving scheme Damaged status Not for loan Collection code Home library Current library Shelving location Date acquired Vendor Name Cost, normal purchase price SGTU Bill Number Total Checkouts Full call number Accession No. (Barcode) Date last seen Date last borrowed Bill Date Koha item type Total Renewals
    Dewey Decimal Classification     MEDICAL SGT Medical Library SGT Medical Library Text Book 30/03/2021 ABC DELHI 1535.00 SGTU 12725 1 612.015 B20S FM12371 12/07/2021 28/06/2021 19/02/2021 Books  
    Dewey Decimal Classification     MEDICAL SGT Medical Library SGT Medical Library Text Book 30/03/2021 ABC DELHI 1535.00 SGTU 12725 50 612.015 B20S FM12372 05/06/2025 27/05/2025 19/02/2021 Books 2
    Dewey Decimal Classification     MEDICAL SGT Medical Library SGT Medical Library Text Book 30/03/2021 ABC DELHI 1535.00 SGTU 12725 64 612.015 B20S FM12373 05/06/2026 01/06/2026 19/02/2021 Books 1
    Dewey Decimal Classification     MEDICAL SGT Medical Library SGT Medical Library Text Book 30/03/2021 ABC DELHI 1535.00 SGTU 12725 55 612.015 B20S FM12374 06/05/2026 17/04/2026 19/02/2021 Books  
    Dewey Decimal Classification     MEDICAL SGT Medical Library SGT Medical Library Text Book 30/03/2021 ABC DELHI 1535.00 SGTU 12725 84 612.015 B20S FM12375 08/05/2026 08/05/2026 19/02/2021 Books 3